000 00313nam a22001337a 4500
008 171023b xxu||||| |||| 00| 0 eng d
020 _a9780132573399
041 _aeng
080 _26 ED
_a338
100 _a54
101 _aMEN
245 _aQUATITATIVE ANLYSIS FOR MANAGEMENT
_cRENDER.B
942 _2udc
_cBK
999 _c35404
_d35404